00402nam a2200145 a 4500008004100000020001500041050001400056100002100070245003500091246004100126260004100167300001600208350000900224700002300233120416s1963 ||||||||||||||||| || u a0201021161 aQC 71 Fey aSands, Matthew L14aThe Feyman lectures on physics amainly mechanics, radiation and heat aReading, Mass.bAddison-Wesleyc1963 a535p. : ill a0.00 aFeynman, Richard P